Online Catalogue and eLibrary

Conflict, Nagotiation, Mediation and Peace (Record no. 5781)

MARC details
000 -LEADER
fixed length control field 00450nam a2200169Ia 4500
005 - DATE AND TIME OF LATEST TRANSACTION
control field 20240729013815.0
008 - FIXED-LENGTH DATA ELEMENTS--GENERAL INFORMATION
fixed length control field 240331s9999 xx 000 0 und d
020 ## - INTERNATIONAL STANDARD BOOK NUMBER
ISBN 9559102583
082 ## - DDC Classification
Item Number - Author Mark UYA
Class No. 172.954
100 ## - MAIN ENTRY--PERSONAL NAME
Personal name Uyangoda,J
245 #0 - TITLE STATEMENT
Title Conflict, Nagotiation, Mediation and Peace
Statement of responsibility, etc. jayadeva uyangoda
260 ## - PUBLICATION, DISTRIBUTION, ETC.
Place of publication, distribution, etc. Colombo
Name of publisher, distributor, etc. Social Scientists Association
Date of publication, distribution, etc. 2006
300 ## - PHYSICAL DESCRIPTION
Extent (e.g. Volumes, Pages etc.) 45 p .,
650 ## - SUBJECT ADDED ENTRY--TOPICAL TERM
Topical term or geographic name entry element Social
650 ## - SUBJECT ADDED ENTRY--TOPICAL TERM
Topical term or geographic name entry element politics
942 ## - Koha item type (Biblio)
Koha item type Books in Stacks (Lending)
Holdings
Lost status Damaged status Collection code Home library Current library Shelving location Date acquired Full call number Accession Number Item type
    Lending WERC Library WERC Library Social Science Cupboard 03/31/2024 172.954 UYA 6769 Books in Stacks (Lending)

© WERC Library